000 00644nam a2200277Ia 4500
005 20260324121813.0
008 008 260324s9999 xx 000 0 eng d
020 _a9781315596570
037 _aEBOOK
040 _aCRL
040 _beng
040 _cCRL
041 _2eng
041 _aeng
084 _qCRL
100 _aRosemary Golding
_91091935
245 0 _aMusic and Academia in Victorian Britain
260 _bTaylor and Francis
260 _c2013
365 _a
365 _b240
856 _uhttp://www.taylorfrancis.com/books/9781315596570
942 _cEBOOK
999 _c1756261
_d1756261